[Event "AUTO-OPEN-1318"]
[Site "http://www.queenalice.com/game.php?id=549573"]
[Date "2009.3.3"]
[Round "2"]
[White "cleonn"]
[Black "Mick_Gray"]
[Result "1-0"]
[WhiteElo "2023"]
[BlackElo "1794"]

1. e4 e6 2. d4 c5 3. dxc5 Bxc5 4. Nc3 Nc6 5. Nf3 Nge7 6. Be2 b6 7. Bf4 Bb7 8. a3
Ng6 9. Bg3 O-O 10. b4 Be7 11. Nb5 a6 12. Nd6 Ra7 13. Nxb7 Rxb7 14. Bxa6 Ra7 15.
Bb5 Rxa3 16. Rxa3 Bxb4+ 17. c3 Bxa3 18. O-O Qc8 19. Qa4 Bc5 20. Rd1 Rd8 21. Ne1
Nce7 22. Rxd7 Rxd7 23. Bxd7 Qd8 24. Nd3 Nf8 25. Bb5 h6 26. h3 Nh7 27. Nxc5 bxc5
28. Qc4 Qc8 29. Bd6 Nc6 30. Qxc5 Nf6 31. Qxc6 Qd8 32. Bd3 Nd7 33. Bc7 Qe7 34.
Bb5 Nf8 35. Bd6 Qd8 36. Bxf8 Qxf8 37. Qe8 Qxe8 38. Bxe8 Kf8 39. Bb5 Ke7 40. e5
f6 41. f4 g5 42. g3 gxf4 43. gxf4 fxe5 44. fxe5 Kf7 45. Bd7 1-0

[Event "AUTO-OPEN-1318"]
[Site "http://www.queenalice.com/game.php?id=549578"]
[Date "2009.3.3"]
[Round "2"]
[White "lifelessons"]
[Black "cleonn"]
[Result "0-1"]
[WhiteElo "1788"]
[BlackElo "2012"]

1. d4 d5 2. Nf3 Nc6 3. c4 e5 4. dxe5 Bb4+ 5. Bd2 Bxd2+ 6. Qxd2 Nge7 7. Nc3 d4 8.
Nb5 Be6 9. b3 Ng6 10. Nfxd4 Nxd4 11. Qxd4 c6 12. Nd6+ Ke7 13. f4 Qa5+ 14. Kf2
Rhd8 15. c5 Kf8 16. h4 b6 17. b4 bxc5 18. Qxc5 Qxc5+ 19. bxc5 Nxf4 20. g3 Ng6
21. Bh3 Bxh3 22. Rxh3 Nxe5 23. Rhh1 Rab8 24. Rab1 Nd7 25. Rb7 Nxc5 0-1

[Event "AUTO-OPEN-1318"]
[Site "http://www.queenalice.com/game.php?id=549579"]
[Date "2009.3.3"]
[Round "2"]
[White "cleonn"]
[Black "lifelessons"]
[Result "1-0"]
[WhiteElo "2004"]
[BlackElo "1796"]

1. e4 e5 2. Nf3 Nc6 3. Bb5 d6 4. O-O Nf6 5. Bxc6+ bxc6 6. d4 exd4 7. Nxd4 Bd7 8.
h3 Be7 9. Nc3 O-O 10. Bf4 c5 11. Nf5 Bc6 12. e5 Nd7 13. Nxe7+ Qxe7 14. exd6 cxd6
15. Qxd6 Qf6 16. Qxf6 Nxf6 17. Bd6 Rfe8 18. Bxc5 Nd7 19. Be3 a6 20. Rfd1 Red8
21. Rd2 Nf6 22. Rad1 Rxd2 23. Rxd2 Kf8 24. Rd6 Be4 25. Nxe4 1-0

[Event "AUTO-ADV-1126"]
[Site "http://www.queenalice.com/game.php?id=558519"]
[Date "2009.3.19"]
[Round "2"]
[White "CarlosOlivas"]
[Black "cleonn"]
[Result "1-0"]
[WhiteElo "2401"]
[BlackElo "2027"]

1. d4 d5 2. c4 Bf5 3. Qb3 e5 4. Qxb7 Nd7 5. Nf3 exd4 6. Qxd5 Bb4+ 7. Bd2 Bxd2+
8. Nbxd2 Ne7 9. Qxd4 Nf6 10. Qxd8+ Rxd8 11. Nb3 Nc6 12. e3 Nb4 13. Rd1 1-0

[Event "AUTO-ADV-1126"]
[Site "http://www.queenalice.com/game.php?id=558520"]
[Date "2009.3.19"]
[Round "2"]
[White "cleonn"]
[Black "CarlosOlivas"]
[Result "0-1"]
[WhiteElo "2025"]
[BlackElo "2402"]

1. e4 e6 2. d4 d5 3. exd5 exd5 4. Nf3 Be6 5. Bd3 Bd6 6. O-O Nc6 7. Re1 Nge7 8.
Bg5 O-O 9. Nc3 a6 10. Ne5 Nxd4 11. Bxh7+ Kxh7 12. Qxd4 f6 13. Nf3 Bf7 0-1

[Event "AUTO-ADV-1126"]
[Site "http://www.queenalice.com/game.php?id=558523"]
[Date "2009.3.19"]
[Round "2"]
[White "cleonn"]
[Black "THECRAZY"]
[Result "1-0"]
[WhiteElo "1966"]
[BlackElo "1761"]

1. e4 c5 2. Nf3 Nc6 3. d4 cxd4 4. Nxd4 e5 5. Nb5 Nf6 6. N1c3 a6 7. Nd6+ Bxd6 8.
Qxd6 Nd4 9. Qxe5+ Ne6 10. Qd6 Qa5 11. Bd2 Qc5 12. Qxc5 Nxc5 13. e5 Ng4 14. Nd5
Ne4 15. Nc7+ Kd8 16. Nxa8 Re8 17. Ba5+ Ke7 18. f3 Ne3 19. fxe4 Nxc2+ 20. Kd2
Nxa1 21. Nc7 Rf8 22. Bb4+ Kd8 23. Bxf8 Kxc7 24. Bxg7 d6 25. Bc4 b5 26. Bxf7 dxe5
27. Bxe5+ Kd7 28. Rxa1 Ke7 29. Bd5 h5 30. Rf1 Bg4 31. Rf7+ Ke8 32. Ra7 a5 33.
Bd6 a4 34. Bc6+ Kd8 35. Rh7 b4 36. Rh8# 1-0

[Event "AUTO-ADV-1126"]
[Site "http://www.queenalice.com/game.php?id=558524"]
[Date "2009.3.19"]
[Round "2"]
[White "THECRAZY"]
[Black "cleonn"]
[Result "0-1"]
[WhiteElo "1806"]
[BlackElo "1932"]

1. d4 d5 2. c4 Bf5 3. Bf4 e6 4. h3 Nf6 5. g4 Be4 6. f3 Bxb1 7. Rxb1 Bb4+ 8. Bd2
Bxd2+ 9. Qxd2 dxc4 10. e4 Nc6 11. Bxc4 Qxd4 12. Qxd4 Nxd4 13. Ne2 Nxf3+ 14. Kf2
Ne5 15. Bb3 Nxe4+ 16. Ke3 Nc5 17. Nd4 Nxb3 18. Nxb3 O-O 19. Rbc1 c6 20. Rhd1
Rad8 21. Nc5 b6 22. Nb7 Rxd1 23. Rxd1 g6 24. b3 Rb8 25. Ke4 f6 26. Nd6 Rd8 27.
Rd2 Nf7 28. Rf2 Nxd6+ 29. Ke3 f5 30. g5 Ne4 31. Rc2 c5 32. Kf4 Rd3 33. h4 Kf7
34. b4 Ke7 35. bxc5 bxc5 36. Ke5 Rd5+ 37. Kf4 Kd6 38. Rb2 Rd3 39. Rb7 e5# 0-1

[Event "AUTO-OPEN-1318"]
[Site "http://www.queenalice.com/game.php?id=610018"]
[Date "2009.6.28"]
[Round "3"]
[White "cleonn"]
[Black "black13"]
[Result "1-0"]
[WhiteElo "1899"]
[BlackElo "1986"]

1. e4 e5 2. Nf3 d6 3. c3 Nf6 4. Qc2 Nc6 5. Be2 Be7 6. O-O O-O 7. d4 exd4 8. cxd4
Bg4 9. Be3 a6 10. a3 Re8 11. e5 Nd5 12. Re1 Nxe3 13. fxe3 dxe5 14. Nxe5 Nxe5 15.
dxe5 Bxe2 16. Rxe2 Bg5 17. Nc3 Rxe5 18. Rd1 Qf6 19. Nd5 c6 20. Nxf6+ Bxf6 21.
Rd7 Rb5 22. b4 h6 23. Red2 Re5 24. Qc4 Be7 25. Rf2 Rf8 26. Rxb7 Rxe3 27. Rf3 Bg5
28. Rbxf7 Re1+ 29. Kf2 Ree8 30. Rxf8+ 1-0

[Event "AUTO-OPEN-1318"]
[Site "http://www.queenalice.com/game.php?id=610019"]
[Date "2009.6.28"]
[Round "3"]
[White "black13"]
[Black "cleonn"]
[Result "1-0"]
[WhiteElo "1908"]
[BlackElo "1918"]

1. e4 c5 2. Nf3 a6 3. d4 cxd4 4. Nxd4 e5 5. Nf3 Nc6 6. Nc3 Nf6 7. Be2 Bb4 8. Bd2
Bxc3 9. Bxc3 d6 10. Bd3 Bg4 11. h3 Bh5 12. g4 Bg6 13. Qe2 h6 14. O-O-O Qb6 15.
a3 O-O-O 16. Rhf1 Nd7 17. h4 f6 18. h5 Bf7 19. Nh4 Nc5 20. Nf5 g6 21. hxg6 Bxg6
22. Nh4 Bf7 23. Bc4 Bxc4 24. Qxc4 Qb5 25. Qxb5 axb5 26. f3 h5 27. Nf5 Kc7 28.
gxh5 Rxh5 29. Bb4 Nxb4 30. axb4 Ne6 31. Rd2 Ra8 32. Kb1 1-0

[Event "AUTO-OPEN-1318"]
[Site "http://www.queenalice.com/game.php?id=610020"]
[Date "2009.6.28"]
[Round "3"]
[White "cleonn"]
[Black "Fischercat"]
[Result "0-1"]
[WhiteElo "1952"]
[BlackElo "1841"]

1. e4 e5 2. Nf3 Nc6 3. Bb5 a6 4. Ba4 Nf6 5. O-O b5 6. Bb3 Be7 7. Re1 O-O 8. d4
exd4 9. Nxd4 Ne5 10. f4 Nc6 11. e5 Ne8 12. e6 fxe6 13. Nxc6 dxc6 14. Qxd8 Bxd8
15. Bxe6+ Bxe6 16. Rxe6 Nd6 17. Nc3 Bf6 18. Ne2 Rae8 19. Rxe8 Rxe8 20. Kf1 Nc4
21. c3 Rd8 22. Ke1 a5 23. b3 Re8 24. Kf2 Nd6 25. Nd4 Bxd4+ 26. cxd4 Ne4+ 27. Kf3
Nf6 28. Bd2 a4 29. Rc1 axb3 30. axb3 Nd5 31. Rxc6 Rf8 32. Rc5 Ne7 33. Rxc7 Nf5
34. Ke4 g6 0-1

[Event "AUTO-OPEN-1318"]
[Site "http://www.queenalice.com/game.php?id=610021"]
[Date "2009.6.28"]
[Round "3"]
[White "Fischercat"]
[Black "cleonn"]
[Result "1-0"]
[WhiteElo "1889"]
[BlackElo "1999"]

1. e4 c5 2. Nf3 f5 3. exf5 Nf6 4. Bc4 d5 5. Bb5+ Bd7 6. Bxd7+ Qxd7 7. O-O Qxf5
8. d4 c4 9. Nc3 a6 10. Re1 e6 11. Nh4 Qg4 12. Qxg4 Nxg4 13. Rxe6+ Kd7 14. Re2
Nf6 15. Bg5 Bb4 16. Bxf6 Bxc3 17. bxc3 gxf6 18. Rae1 Nc6 19. Nf5 b5 20. Ne7 Rhe8
21. Nxd5 Rxe2 22. Rxe2 Rf8 23. Nb4 Nxb4 24. cxb4 Kd6 25. c3 1-0

[Event "AUTO-ADV-1107"]
[Site "http://www.queenalice.com/game.php?id=616291"]
[Date "2009.7.10"]
[Round "2"]
[White "cleonn"]
[Black "andrevillares"]
[Result "1-0"]
[WhiteElo "1943"]
[BlackElo "1654"]

1. e4 c6 2. d4 d5 3. e5 Bf5 4. Nf3 e6 5. Be2 c5 6. Be3 Nc6 7. dxc5 Qa5+ 8. c3
Bxc5 9. b4 Nxb4 10. cxb4 Qxb4+ 11. Qd2 Bxb1 12. Bxc5 Qxc5 13. Rxb1 b6 14. Rc1
Qe7 15. Bb5+ Kf8 16. O-O Nh6 17. Rc2 Nf5 18. Rfc1 Rd8 19. Rc7 Qa3 20. Ng5 Nh6
21. Rc8 Rxc8 22. Rxc8+ Ke7 23. Rxh8 Ng4 24. Qf4 Nh6 25. Re8# 1-0

[Event "AUTO-ADV-1107"]
[Site "http://www.queenalice.com/game.php?id=616292"]
[Date "2009.7.10"]
[Round "2"]
[White "andrevillares"]
[Black "cleonn"]
[Result "0-1"]
[WhiteElo "1935"]
[BlackElo "1974"]

1. d4 d5 2. c4 e5 3. dxe5 d4 4. Nf3 Nc6 5. Bf4 Nge7 6. e3 Ng6 7. Bg5 f6 8. exf6
gxf6 9. Bf4 Nxf4 10. exf4 Bf5 11. Nbd2 d3 12. Qb3 Qe7+ 13. Kd1 O-O-O 14. Rc1 Bh6
15. g3 Bg4 16. h3 Nd4 17. Qa4 Bxf3+ 18. Nxf3 Nxf3 19. Qa5 d2 0-1

[Event "AUTO-ADV-1107"]
[Site "http://www.queenalice.com/game.php?id=616293"]
[Date "2009.7.10"]
[Round "2"]
[White "cleonn"]
[Black "yanpom"]
[Result "0-1"]
[WhiteElo "1979"]
[BlackElo "2052"]

1. e4 e5 2. Bc4 Bc5 3. Nc3 Nf6 4. d3 h6 5. f4 d6 6. Nf3 Bg4 7. h3 Bh5 8. g4 Bg6
9. fxe5 dxe5 10. Nxe5 Qd4 11. Ne2 Qxe5 12. d4 Qxe4 13. Rf1 Bb6 14. Kf2 Qxc2 15.
Qxc2 Bxc2 16. a4 a6 17. Bf4 c5 18. d5 Nbd7 19. Ng3 O-O 20. a5 Ba7 21. Nf5 Bxf5
22. gxf5 Nh5 23. Bd6 Rfe8 24. Rfe1 Nhf6 25. Kf3 Rxe1 26. Rxe1 Re8 27. Rxe8+ Nxe8
28. Bf4 Nef6 29. b3 b5 0-1

[Event "AUTO-ADV-1107"]
[Site "http://www.queenalice.com/game.php?id=616295"]
[Date "2009.7.10"]
[Round "2"]
[White "cleonn"]
[Black "Gera"]
[Result "0-1"]
[WhiteElo "1969"]
[BlackElo "1934"]

1. e4 e5 2. Nf3 d6 3. d4 Bg4 4. Bc4 Be7 5. dxe5 Nc6 6. exd6 Bxd6 7. Bxf7+ Kxf7
8. Qd5+ Kf8 9. Ng5 Qe7 10. h3 Nb4 11. Qc4 Bd7 12. f4 Bc5 13. f5 Nf6 14. a3 Bxf5
15. axb4 Bb6 16. Rf1 g6 17. Nc3 Rd8 18. Bd2 Rd4 19. Qb3 Kg7 20. O-O-O Rxb4 21.
Qf7+ Qxf7 22. Nxf7 Kxf7 23. exf5 gxf5 0-1

[Event "AUTO-ADV-1107"]
[Site "http://www.queenalice.com/game.php?id=616296"]
[Date "2009.7.10"]
[Round "2"]
[White "Gera"]
[Black "cleonn"]
[Result "1-0"]
[WhiteElo "1915"]
[BlackElo "1988"]

1. e4 c5 2. f4 d5 3. exd5 Nf6 4. Nf3 Nxd5 5. d3 Nc6 6. Bd2 e6 7. Be2 Be7 8. O-O
Qc7 9. Qe1 Ndb4 10. Bxb4 Nxb4 11. Qd2 b6 12. c3 Nd5 13. c4 Nxf4 14. Nc3 Nxe2+
15. Qxe2 Bb7 16. Ne5 Bf6 17. Rae1 O-O-O 18. Ng4 Bd4+ 19. Kh1 h5 20. Nb5 Qe7 21.
Ne5 1-0

[Event "Challenge"]
[Site "http://www.queenalice.com/game.php?id=655477"]
[Date "2009.9.20"]
[Round "-"]
[White "cleonn"]
[Black "thedead"]
[Result "1-0"]
[WhiteElo "1947"]
[BlackElo "1490"]

1. e4 e5 2. Nf3 Nc6 3. Bb5 a6 4. Ba4 Nf6 5. O-O b5 6. Bb3 Be7 7. Re1 d6 8. d4
Bg4 9. c3 O-O 10. Be3 Nxe4 11. dxe5 Nxe5 12. Bd5 Nxc3 13. Nxc3 Rc8 14. h3 Bh5
15. g4 Bg6 16. Bb7 1-0

[Event "Challenge"]
[Site "http://www.queenalice.com/game.php?id=678276"]
[Date "2009.11.5"]
[Round "-"]
[White "OnlyJoking"]
[Black "cleonn"]
[Result "0-1"]
[WhiteElo "1803"]
[BlackElo "1902"]

1. e4 c5 2. Nf3 d6 3. c3 Nf6 4. Be2 g6 5. O-O Bg7 6. Bb5+ Nbd7 7. Re1 a6 8.
Bxd7+ Bxd7 9. d4 cxd4 10. cxd4 Qb6 11. b3 O-O 12. h3 e5 13. d5 Rac8 14. Be3 Qa5
15. Nfd2 Bb5 16. Nf3 Nxe4 0-1